El grito de la grulla /
En Japón, la grulla representa la amistad, el amor, la esperanza...Por eso, cuando la explosión de la bomba atómica provocó miles de heridos, recibieron en los hospitales cientos de grullas de papel. Esta es la historia de Junichiro y su familia, que vivieron la terrible experiencia de aquella guerr...
Guardado en:
| Autor Principal: | |
|---|---|
| Otros Autores: | |
| Formato: | Libro |
| Publicado: |
Buenos Aires :
Edelvives,
2014
|
| Series: | Ala Delta. Verde ; 1
|
| Materias: | |
| Etiquetas: |
Agregar Etiqueta
Sin Etiquetas, Sea el primero en etiquetar este registro!
|
| LEADER | 02299nam a22004455a 4500 | ||
|---|---|---|---|
| 001 | CEM.cems015134 | ||
| 008 | 130507s2014##################000#0#####d | ||
| 005 | 20250514091443.0 | ||
| 245 | 1 | 0 | |a El grito de la grulla / |c Samuel Alonso Omeñaca ; ilustrado Por Tino Gatagán |
| 260 | |a Buenos Aires : |b Edelvives, |c 2014 | ||
| 300 | |a 96 p. | ||
| 490 | 0 | |a Ala Delta. Verde ; 1 | |
| 520 | |a En Japón, la grulla representa la amistad, el amor, la esperanza...Por eso, cuando la explosión de la bomba atómica provocó miles de heridos, recibieron en los hospitales cientos de grullas de papel. Esta es la historia de Junichiro y su familia, que vivieron la terrible experiencia de aquella guerra. | ||
| 590 | |a 1308.016 | ||
| 020 | |a 9789876422178 | ||
| 100 | 1 | |a Alonso Omeñaca, Samuel | |
| 700 | 1 | |a Gatagán, Tino; il. | |
| 082 | 0 | 4 | |a 863.6 |
| 653 | |a Literatura | ||
| 653 | |a Literatura española | ||
| 653 | |a Literatura infantil | ||
| 653 | |a Cuentos infantiles | ||
| 653 | |a Colección ciencias de la educación | ||
| 653 | |a Cuentos de guerra | ||
| 653 | |a Biblioteca TC | ||
| 859 | |a CEMS |b BIB. CEMS - Agricultura |h 863.6 |i Al722 |p A3810.25 |t Ej.1 | ||
| 859 | |a CEMS |b BIB. CEMS - Inicial y Primaria |h 863.6 |i Al722 |k IP |p 4027 |t Ej.1 | ||
| 859 | |a CEMS |b BIB. CEMS - Ccias. Educacion |h 863.6 |i Al722 |k CE |p 28086.19 |t Ej.1 | ||
| 859 | |a CEMS |b BIB. CEMS - Ccias. Educacion |h 863.6 |i Al722 |k CE |p 28087.19 |t Ej.2 | ||
| 859 | |a CEMS |b BIB. CEMS - Ccias. Educacion |h 863.6 |i Al722 |k CE |p 28088.19 |t Ej.3 | ||
| 859 | |a CEMS |b BIB. CEMS - Ccias. Educacion |h 863.6 |i Al722 |k CE |p 28089.19 |t Ej.4 | ||
| 859 | |a CEMS |b BIB. CEMS - Ccias. Educacion |h 863.6 |i Al722 |k CE |p 28090.19 |t Ej.5 | ||
| 859 | |a CEMS |b BIB. CEMS - Ccias. Educacion |h 863.6 |i Al722 |k CE |p 28091.19 |t Ej.6 | ||
| 859 | |a CEMS |b BIB. CEMS - Ccias. Educacion |h 863.6 |i Al722 |k CE |p 28092.19 |t Ej.7 | ||
| 859 | |a CEMS |b BIB. CEMS - Ccias. Educacion |h 863.6 |i Al722 |k CE |p 28500.19 |t Ej.8 | ||
| 859 | |a CEMS |b BIB. CEMS - 11 de abril |h 863.6 |i Al722 |k CE |p 27042.14 |t Ej.9 | ||
| 859 | |a CEMS |b BIB. CEMS - 11 de abril |h 863.6 |i Al722 |k CE |p 27043.14 |t Ej.10 | ||
| 859 | |a CEMS |b BIB. CEMS - 11 de abril |h 863.6 |i Al722 |k CE |p 27044.14 |t Ej.11 | ||
| 859 | |a CEMS |b BIB. CEMS - Ccias. Educacion |h 863.6 |i Al722 |k CE |p 28856.19 |t Ej.12 | ||
| 859 | |a CEMS |b BIB. CEMS - 11 de abril |h TC |p 1308.016 |t Ej.13 | ||
